| 000 | 01086nam a22003137a 4500 | ||
|---|---|---|---|
| 003 | CHAP | ||
| 005 | 20220329134515.0 | ||
| 008 | 971013s1993 r 00010 d | ||
| 010 | _a21334 | ||
| 011 | _a22306 | ||
| 035 | _a26400 | ||
| 040 | _cCHAP | ||
| 090 | _aTesis | ||
| 100 | 0 | 0 |
_aHernández Santiago, Rodrigo. _954603 |
| 245 | _aAislamiento y caracterización de cepas microbianas partiendo de productos lácteos comerciales | ||
| 260 |
_aMarin, N. L. : _bEl autor, _c1993 |
||
| 300 |
_a64 h. _b; gráfs. |
||
| 502 | _aTesis [Ing. en Industrias Alimentarias] -- Universidad Autónoma de Nuevo León. Facultad de Agronomía | ||
| 590 |
_aALEPH _b10 _c20130110 _lUCH01 _h1245 |
||
| 590 |
_aBATCH-UPD _b10 _c20130110 _lUCH01 _h0903 |
||
| 590 |
_aBATCH-UPD _b10 _c20130410 _lUCH01 _h0531 |
||
| 590 |
_aBATCH-UPD _b10 _c20130914 _lUCH01 _h1716 |
||
| 590 |
_aCONVERSION _b10 _c20130109 _lUCH01 _h1313 |
||
| 650 | 1 | 4 |
_aLeche _xAnálisis. _965359 |
| 650 | 1 | 4 |
_aProductos lácteos _xMicrobiología. _992146 |
| 901 | _aBK | ||
| 942 | _cTESIS | ||
| 949 |
_bBC _cTES _d-60889 _eTS1 _h27187 _i26400 _si |
||
| 999 |
_c21334 _d21334 |
||